Disaster robotics /

Bibliographic Details
Main Author: Murphy, Robin, 1957- (Author)
Corporate Author: EBSCOhost
Format: eBook
Language:English
Published: Cambridge, Massachusetts : The MIT Press, [2014]
Series:Intelligent robotics and autonomous agents.
Subjects:
Online Access:Connect to the full text of this electronic book

MARC

Tag First Indicator Second Indicator Subfields
LEADER 00000cam a2200000Ki 4500
001 in00003770821
006 m o d
007 cr cnu---unuuu
008 140210s2014 maua ob 001 0 eng d
005 20250816191434.2
020 |a 9780262321303 (electronic bk.) 
020 |a 0262321300 (electronic bk.) 
020 |z 9780262027359 
020 |z 0262027356 
024 8 |a 99967142967 
035 |a (NhCcYBP)EBSCO696646 
040 |a NhCcYBP  |c NhCcYBP  |d UtOrBLW 
050 4 |a TJ211.46  |b .M87 2014 
072 7 |a BUS  |x 032000  |2 bisacsh 
072 7 |a SOC  |x 000000  |2 bisacsh 
082 0 4 |a 363.34  |2 23 
100 1 |a Murphy, Robin,  |d 1957-  |e author.  |0 http://id.loc.gov/authorities/names/n97118736 
245 1 0 |a Disaster robotics /  |c Robin R. Murphy. 
264 1 |a Cambridge, Massachusetts :  |b The MIT Press,  |c [2014] 
300 |a 1 online resource. 
336 |a text  |b txt  |2 rdacontent 
337 |a computer  |b c  |2 rdamedia 
338 |a online resource  |b cr  |2 rdacarrier 
490 1 |a Intelligent robotics and autonomous agents 
504 |a Includes bibliographical references and index. 
505 0 |a Known deployments and performance -- Unmanned ground vehicles -- Unmanned aerial vehicles -- Unmanned marine vehicles -- Conducting fieldwork. 
588 |a Description based on print version record. 
500 |a Electronic resource. 
650 0 |a Robots in search and rescue operations.  |0 http://id.loc.gov/authorities/subjects/sh2013002352 
650 0 |a Mobile robots.  |0 http://id.loc.gov/authorities/subjects/sh88005238 
655 7 |a Electronic books.  |2 local 
710 2 |a EBSCOhost. 
776 1 8 |i Print version:  |a Murphy, Robin, 1957-  |t Disaster robotics  |z 9780262027359  |w (DLC) 2013032411 
830 0 |a Intelligent robotics and autonomous agents.  |0 http://id.loc.gov/authorities/names/n98024999 
856 4 0 |u http://proxy.library.tamu.edu/login?url=http://search.ebscohost.com/login.aspx?direct=true&scope=site&db=nlebk&db=nlabk&AN=696646  |z Connect to the full text of this electronic book  |t 0 
955 |a YBP purchased firm e-records 
980 |b 106.50  |g 1 
987 |a ybp11654797 
999 f f |s dcccd2ee-42a4-3939-bef6-00ef4fad6c1e  |i 32733a82-6d14-34b0-91f2-d681c218b2d5  |t 0 
952 f f |a Texas A&M University  |b College Station  |c Electronic Resources  |d Available Online  |t 0  |e TJ211.46 .M87 2014  |h Library of Congress classification 
998 f f |a TJ211.46 .M87 2014  |t 0  |l Available Online